Dzielniki liczby 60 - Statystyki

Ogólne statystyki
  • Ten quiz został rozwiązany 414 razy
  • Średni wynik to 12 z 12
Statystyki odpowiedzi
Liczba % Poprawnych
1
100%
2
100%
3
100%
6
100%
4
99%
5
99%
10
98%
12
98%
15
98%
20
97%
30
96%
60
94%
Nie znaleziono quizów pasujących do podanych kryteriów
Rozkład punktacji
Procent ludzi z każdym wynikiem
Percentyl według liczby udzielonych odpowiedzi
Twoja historia wyników
Nie rozwiązałeś tego quizu